SCOTUS justices - Statistics

General Stats
  • This quiz has been taken 15 times
    13 since last reset
  • The average score is 6 of 29
Answer Stats
Hint Answer % Correct
1801-1835 Marshall
100%
2006-present Alito
50%
1993-2020 Ginsburg
50%
1877-1911 Harlan I
50%
1988-2018 Kennedy
50%
1981-2006 O'Connor
50%
1986-2016 Scalia
50%
1975-2010 Stevens
50%
1836-1864 Taney
50%
1991-present Thomas
50%
1937-1971 Black
0%
1970-1994 Blackmun
0%
1956-1990 Brennan
0%
1994-present Breyer
0%
1969-1986 Burger
0%
1932-1938 Cardozo
0%
1939-1975 Douglas
0%
1939-1962 Frankfurter
0%
1962-1965 Goldberg
0%
1955-1971 Harlen II
0%
2005-present (John) Roberts
0%
1972-1986 Powell
0%
1972-2005 Rehnquist
0%
1941-1954 (Robert) Jackson
0%
1990-2009 Souter
0%
1922-1938 Sutherland
0%
1946-1953 Vinson
0%
1953-1969 Warren
0%
1962-1993 White
0%
No matching quizzes found
Score Distribution
Percent of People with Each Score
Percentile by Number Answered
Your Score History
You have not taken this quiz since the last reset